Ortschaften des Kantons Solothurn - Statistiken

Allgemein
  • Dieses Quiz wurde 55 mal gespielt
  • Das Durchschnittsergebnis liegt bei 73 aus 137
Antworten auf der Karte
Die Antworten werden auf der Karte rot bzw. grün angezeigt, abhängig davon wie oft sie richtig erraten wurden.
 
Antwortstatistiken
Einwohner Ortschaft % Korrekt
17’621 Solothurn
100%
18’295 Grenchen
95%
18’721 Olten
91%
6’636 Oensingen
82%
5’435 Bellach
77%
8’722 Biberist
77%
6’862 Dornach
77%
238 Mariastein
77%
2’200 Mümliswil
77%
6’497 Balsthal
73%
4’978 Bettlach
73%
5’375 Dulliken
73%
4’306 Egerkingen
73%
5’273 Hägendorf
73%
1’361 Matzendorf
73%
1’838 Oberdorf
73%
9’530 Zuchwil
73%
1’057 Feldbrunnen-St. Niklaus
68%
5’802 Gerlafingen
68%
1’767 Härkingen
68%
396 Kyburg-Buchegg
68%
1’301 Niederbuchsiten
68%
2’381 Oberbuchsiten
68%
308 Ramiswil
68%
1’418 Rodersdorf
68%
3’679 Selzach
68%
1’138 Welschenrohr
68%
1’087 Aeschi
64%
4’290 Breitenbach
64%
7’058 Derendingen
64%
1’196 Kleinlützel
64%
3’851 Langendorf
64%
1’169 Nuglar
64%
1’066 Seewen
64%
1’945 Starrkirch-Wil
64%
6’646 Trimbach
64%
5’542 Wangen bei Olten
64%
199 Balm bei Günsberg
59%
92 Balm bei Messen
59%
789 Bärschwil
59%
3’048 Däniken
59%
1’250 Flüh
59%
72 Gänsbrunnen
59%
1’881 Kestenholz
59%
528 Kienberg
59%
1’427 Kriegstetten
59%
3’603 Luterbach
59%
1’060 Messen
59%
4’197 Niedergösgen
59%
2’457 Obergösgen
59%
5’201 Schönenwerd
59%
3’285 Subingen
59%
1’191 Bättwil
55%
3’689 Erlinsbach
55%
1’070 Etziken
55%
1’043 Flumenthal
55%
1’182 Günsberg
55%
755 Holderbank
55%
1’882 Laupersdorf
55%
1’621 Lommiswil
55%
742 Metzerlen
55%
2’180 Recherswil
55%
379 St. Pantaleon
55%
9 Weissenstein bei Solothurn
55%
576 Aedermannsdorf
50%
270 Beinwil
50%
354 Biezwil
50%
1’055 Büren
50%
2’327 Deitingen
50%
932 Gempen
50%
2’793 Gretzenbach
50%
517 Grindel
50%
1’712 Gunzgen
50%
854 Halten
50%
325 Hauenstein-Ifenthal
50%
1’266 Hochwald
50%
3’493 Kappel
50%
2’988 Lohn-Ammannsegg
50%
4’088 Lostorf
50%
817 Lüterkofen
50%
553 Nennigkofen
50%
2’398 Neuendorf
50%
1’970 Nunningen
50%
1’960 Riedholz
50%
1’150 Schnottwil
50%
144 Steinhof
50%
2’401 Wolfwil
50%
100 Burgäschi
45%
2’431 Büsserach
45%
955 Erschwil
45%
1’808 Fulenbach
45%
56 Gächliwil
45%
278 Heinrichswil
45%
603 Herbetswil
45%
978 Himmelried
45%
2’144 Hofstetten
45%
717 Hubersdorf
45%
590 Lüsslingen
45%
1’254 Obergerlafingen
45%
130 Oberramsern
45%
868 Oekingen
45%
102 Rohr bei Olten
45%
1’155 Stüsslingen
45%
220 Unterramsern
45%
461 Wisen
45%
27 Balmberg
41%
593 Bolken
41%
609 Fehren
41%
198 Hersiwil
41%
911 Horriwil
41%
31 Kammersrohr
41%
652 Meltingen
41%
1’198 Rickenbach
41%
1’336 Rüttenen
41%
2’058 Winznau
41%
214 Wöschnau
41%
673 Zullwil
41%
208 Aetigkofen
36%
254 Aetingen
36%
240 Bibern
36%
195 Brunnenthal
36%
112 Eppenberg
36%
160 Hüniken
36%
87 Ichertswil
36%
307 Lüterswil
36%
353 Niederwil
36%
266 Winistorf
36%
1’467 Witterswil
36%
825 Boningen
32%
186 Gossliwil
32%
260 Küttigkofen
32%
342 Mühledorf
32%
178 Tscheppach
32%
74 Brittern
27%
250 Hessigkofen
27%
777 Walterswil
27%
178 Brügglen
23%
Keine übereinstimmenden Quizze gefunden
Verteilung der Resultate
Anzahl Personen mit jedem Resultat
Perzentil nach korrekt beantworteten Fragen
Ihre Resultats-Entwicklung
Sie haben dieses Quiz noch nicht gespielt